[Event "SVK-chT2A 1718"]
[Site "Slovakia"]
[Date "2018.01.13"]
[Round "5.8"]
[White "Feher, Tibor"]
[Black "Cibik, Jan"]
[Result "0-1"]
[WhiteElo "1812"]
[BlackElo "1864"]
[PlyCount "52"]
[EventDate "2017.10.28"]
[EventType "team-tourn"]
[EventRounds "11"]
[EventCountry "SVK"]
[SourceTitle "EXT 2019"]
[Source "ChessBase"]
[SourceDate "2018.10.10"]
[SourceVersion "1"]
[SourceVersionDate "2018.10.10"]
[SourceQuality "1"]
[WhiteTeam "Potonska Veza"]
[BlackTeam "Senec"]
[WhiteTeamCountry "SVK"]
[BlackTeamCountry "SVK"]

1. e4 e5 2. Nf3 Nc6 3. d4 exd4 4. Nxd4 Bc5 5. Be3 Bb6 6. Nxc6 bxc6 7. Bxb6 axb6 8. Nc3 Ne7 9. Be2 0-0 10. Qd2 d6 11. 0-0-0 Ba6 12. a3 Bxe2 13. Qxe2 b5 14. Na2 Qb8 15. c4 bxc4 16. Qxc4 Ra5 17. Qb4 Rb5 18. Qd2 Rb7 19. Nc3 Rb3 20. Rhe1 Rd8 21. Re2 c5 22. e5 Nf5 23. Na4 Rxa3 24. Nxc5 Ra1+ 25. Kc2 Qxb2+ 26. Kd3 Qd4+ 0-1

[Event "SVK-chT3A2 1617"]
[Site "Slovakia"]
[Date "2017.01.08"]
[Round "6.4"]
[White "Feher, Tibor"]
[Black "Tupy, Bystrik"]
[Result "1-0"]
[WhiteElo "1810"]
[BlackElo "1702"]
[PlyCount "103"]
[EventDate "2016.10.16"]
[EventType "team-tourn"]
[EventRounds "11"]
[EventCountry "SVK"]
[SourceTitle "EXT 2020"]
[Source "ChessBase"]
[SourceDate "2019.10.17"]
[SourceVersion "1"]
[SourceVersionDate "2019.10.17"]
[SourceQuality "1"]
[WhiteTeam "Potonska Veza II"]
[BlackTeam "Hlohovec"]
[WhiteTeamCountry "SVK"]
[BlackTeamCountry "SVK"]

1. e4 e5 2. Nf3 Nc6 3. d4 exd4 4. Nxd4 Bc5 5. Be3 Bb6 6. Nxc6 bxc6 7. Bxb6 cxb6 8. Nc3 d6 9. Qd2 Nf6 10. 0-0-0 0-0 11. Qxd6 Qe8 12. f3 h6 13. Bc4 Bb7 14. Qc7 Qc8 15. Qxc8 Raxc8 16. Rd2 Rcd8 17. Rhd1 Rxd2 18. Rxd2 b5 19. Bb3 a5 20. a3 Re8 21. Nd1 c5 22. c4 a4 23. Bc2 Bc6 24. cxb5 Bxb5 25. Nc3 Bc4 26. Bxa4 Rc8 27. Bb5 Bb3 28. Rd6 c4 29. Kd2 Ne8 30. Bxe8 Rxe8 31. Ke3 g6 32. Nd5 Kg7 33. Kd4 h5 34. Nb6 Rb8 35. Kc3 Rb7 36. Rc6 g5 37. g3 Bd1 38. Nxc4 Bxf3 39. Nd2 Bg2 40. Rc5 Kg6 41. a4 Re7 42. b4 Bxe4 43. Nxe4 Rxe4 44. a5 Re2 45. a6 Rxh2 46. a7 h4 47. a8Q hxg3 48. Qc6+ f6 49. Qe4+ Kh5 50. Qf3+ Kg6 51. Rc6 g2 52. Qxf6+ 1-0

[Event "SVK-chT4 A22 1516"]
[Site "Slovakia"]
[Date "2016.01.10"]
[Round "6.1"]
[White "Feher, Tibor"]
[Black "Dobis, Pavol"]
[Result "1/2-1/2"]
[WhiteElo "1806"]
[BlackElo "1719"]
[PlyCount "99"]
[EventDate "2015.10.04"]
[EventType "team-tourn"]
[EventRounds "11"]
[EventCountry "SVK"]
[SourceTitle "EXT 2020"]
[Source "ChessBase"]
[SourceDate "2019.10.17"]
[SourceVersion "1"]
[SourceVersionDate "2019.10.17"]
[SourceQuality "1"]

1. e4 c5 2. Nf3 d6 3. d4 cxd4 4. Nxd4 Bd7 5. Nc3 Nc6 6. Be3 Nf6 7. f3 e6 8. Qd2 Be7 9. 0-0-0 0-0 10. Ndb5 Ne8 11. Nd4 a6 12. g4 h6 13. h4 Bxh4 14. Bxh6 gxh6 15. Qh2 Bg5+ 16. f4 Bxf4+ 17. Qxf4 Qg5 18. Qxg5+ hxg5 19. Nf3 f6 20. e5 Nxe5 21. Nxe5 fxe5 22. Ne4 Bc6 23. Bd3 Rf4 24. Nxg5 Bxh1 25. Bh7+ Kg7 26. Rxh1 Rxg4 27. Nxe6+ Kf6 28. Rh6+ Ke7 29. Bf5 Rg1+ 30. Kd2 Ng7 31. Nc7 Nxf5 32. Rh7+ Rg7 33. Rxg7+ Nxg7 34. Nxa8 Kd7 35. Nb6+ Kc6 36. Nc4 b5 37. Ne3 Kc5 38. Kd3 d5 39. c3 Ne6 40. b4+ Kc6 41. Nc2 Nf4+ 42. Ke3 Kd6 43. Na1 Ng2+ 44. Kf2 Nh4 45. Nb3 e4 46. Nc5 Ke5 47. Nxa6 d4 48. cxd4+ Kxd4 49. Nc5 Nf5 50. a4 1/2-1/2

[Event "SVK-chT3A2 1516"]
[Site "Slovakia"]
[Date "2015.12.20"]
[Round "5.6"]
[White "Planka, Peter"]
[Black "Feher, Tibor"]
[Result "1/2-1/2"]
[WhiteElo "1743"]
[BlackElo "1816"]
[PlyCount "85"]
[EventDate "2015.10.11"]
[EventType "team-tourn"]
[EventRounds "11"]
[EventCountry "SVK"]
[SourceTitle "EXT 2020"]
[Source "ChessBase"]
[SourceDate "2019.10.17"]
[SourceVersion "1"]
[SourceVersionDate "2019.10.17"]
[SourceQuality "1"]
[WhiteTeam "Skalica II"]
[BlackTeam "Dunajska Streda II"]
[WhiteTeamCountry "SVK"]
[BlackTeamCountry "SVK"]

1. e4 e5 2. Nf3 Nf6 3. Nc3 Nc6 4. Bc4 Be7 5. 0-0 0-0 6. a3 d6 7. h3 a6 8. d3 b5 9. Ba2 Bb7 10. Be3 Rc8 11. Nd5 Nxd5 12. Bxd5 Na5 13. Bxb7 Nxb7 14. Qd2 c6 15. a4 Ra8 16. axb5 axb5 17. Qc3 Qd7 18. b3 Rfc8 19. Rxa8 Rxa8 20. Ra1 Rxa1+ 21. Qxa1 Nd8 22. Qa5 Qb7 23. Kf1 Ne6 24. g3 Kf8 25. Ke2 Ke8 26. c3 Bd8 27. Qa3 Be7 28. b4 Kd7 29. Nd2 Bg5 30. Bxg5 Nxg5 31. h4 Ne6 32. Nf3 h6 33. Qa2 Ke7 34. Qa3 Kd7 35. Qa5 Ke7 36. Ke3 Kd7 37. d4 exd4+ 38. Nxd4 Nxd4 39. cxd4 Ke7 40. f4 f6 41. Qa2 Kf8 42. Qe6 Qc7 43. Kd3 1/2-1/2

[Event "SVK-chT4 A22 1516"]
[Site "Slovakia"]
[Date "2015.11.08"]
[Round "3.1"]
[White "Tupy, Emil"]
[Black "Feher, Tibor"]
[Result "1/2-1/2"]
[WhiteElo "1702"]
[BlackElo "1816"]
[PlyCount "56"]
[EventDate "2015.10.04"]
[EventType "team-tourn"]
[EventRounds "11"]
[EventCountry "SVK"]
[SourceTitle "EXT 2020"]
[Source "ChessBase"]
[SourceDate "2019.10.17"]
[SourceVersion "1"]
[SourceVersionDate "2019.10.17"]
[SourceQuality "1"]

1. c4 e5 2. Nc3 Nf6 3. g3 Nc6 4. Bg2 d6 5. d3 Be7 6. Nf3 0-0 7. 0-0 Re8 8. a3 Bf8 9. Qc2 Bf5 10. e4 Bg4 11. Bg5 h6 12. Bxf6 Qxf6 13. Nd5 Qd8 14. h3 Bxf3 15. Bxf3 Nd4 16. Qd1 c6 17. Ne3 Qb6 18. Rb1 Qb3 19. Qxb3 Nxb3 20. Rfd1 Nd4 21. Bg2 g6 22. Ng4 Kg7 23. Ne3 Be7 24. h4 Rac8 25. Bh3 Rb8 26. a4 Bd8 27. Kg2 a6 28. b4 b5 1/2-1/2

[Event "SVK-chT4 A22 1516"]
[Site "Slovakia"]
[Date "2015.10.18"]
[Round "2.1"]
[White "Matus, Ferenc"]
[Black "Feher, Tibor"]
[Result "0-1"]
[WhiteElo "1643"]
[BlackElo "1810"]
[PlyCount "90"]
[EventDate "2015.10.04"]
[EventType "team-tourn"]
[EventRounds "11"]
[EventCountry "SVK"]
[SourceTitle "EXT 2020"]
[Source "ChessBase"]
[SourceDate "2019.10.17"]
[SourceVersion "1"]
[SourceVersionDate "2019.10.17"]
[SourceQuality "1"]

1. d4 d5 2. Nc3 Nf6 3. Nf3 e6 4. a3 c5 5. g3 Nc6 6. Bg5 cxd4 7. Nxd4 Be7 8. Bf4 a6 9. Bg2 Qb6 10. Nb3 0-0 11. e3 h6 12. g4 e5 13. g5 Ne4 14. Nxd5 Qd8 15. gxh6 Nxf2 16. Kxf2 exf4 17. exf4 Bh4+ 18. Kf1 Re8 19. Qd3 Be6 20. hxg7 Ne7 21. Nxe7+ Qxe7 22. Qe4 Bc4+ 23. Kg1 Qxe4 24. Bxe4 Rxe4 25. Nd2 Rxf4 26. Nxc4 Rxc4 27. c3 Re8 28. Kg2 Kxg7 29. Kf3 Bg5 30. Rhe1 Rxe1 31. Rxe1 Rc7 32. Rg1 Kf6 33. Rf1 Rd7 34. a4 Rd2 35. h4 Bxh4 36. Kg4+ Rf2 37. Rd1 Bg5 38. Rd6+ Ke7 39. Rb6 Bc1 40. Rxb7+ Kf8 41. b4 Bd2 42. Kg3 Rf6 43. c4 Rf4 44. Rc7 Rd4 45. b5 Bf4+ 0-1

[Event "SVK-chT2A 1213"]
[Site "Slovakia"]
[Date "2012.12.15"]
[Round "5.6"]
[White "Kebis, Milos"]
[Black "Feher, Tibor"]
[Result "0-1"]
[WhiteElo "2002"]
[BlackElo "1805"]
[PlyCount "68"]
[EventDate "2012.10.13"]
[EventType "team-tourn"]
[EventRounds "11"]
[EventCountry "SVK"]
[SourceTitle "EXT 2015"]
[Source "ChessBase"]
[SourceDate "2014.11.20"]
[SourceVersion "1"]
[SourceVersionDate "2014.11.20"]
[SourceQuality "1"]
[WhiteTeam "Krasnany"]
[BlackTeam "Dunajska Streda II"]
[WhiteTeamCountry "SVK"]
[BlackTeamCountry "SVK"]

1. c4 Nf6 2. Nc3 c6 3. d4 d5 4. e3 Bg4 5. cxd5 cxd5 6. Nf3 e6 7. Qa4+ Nbd7 8. Ne5 Bf5 9. Bb5 a6 10. Bxd7+ Nxd7 11. Qxd7+ Qxd7 12. Nxd7 Kxd7 13. 0-0 Rc8 14. Bd2 b5 15. Rfc1 Bd6 16. f3 Rc4 17. b3 Rc6 18. e4 dxe4 19. Nxe4 Bxe4 20. fxe4 Rhc8 21. Rxc6 Rxc6 22. Rc1 Rxc1+ 23. Bxc1 g6 24. Kf2 f5 25. e5 Bb4 26. Ke2 Kc6 27. Kd3 Kd5 28. h3 Be1 29. Bf4 Bf2 30. Be3 Bxe3 31. Kxe3 g5 32. g3 b4 33. h4 h6 34. h5 a5 0-1

[Event "Lakitelek Magyarok op"]
[Site "Lakitelek"]
[Date "2011.08.11"]
[Round "7"]
[White "Feher, Tibor"]
[Black "Dan, Francisc"]
[Result "1-0"]
[WhiteElo "1807"]
[BlackElo "1743"]
[PlyCount "79"]
[EventDate "2011.08.06"]
[EventType "swiss"]
[EventRounds "9"]
[EventCountry "HUN"]
[SourceTitle "CBM 144 Extra"]
[Source "ChessBase"]
[SourceDate "2011.10.28"]
[SourceVersion "1"]
[SourceVersionDate "2011.10.28"]
[SourceQuality "1"]

1. d4 g6 2. c4 Bg7 3. Nf3 d6 4. Nc3 c6 5. g3 Nd7 6. Bg2 Ngf6 7. 0-0 0-0 8. b3 Qc7 9. Re1 Re8 10. Bb2 e5 11. dxe5 dxe5 12. e4 Nf8 13. Qc2 Bg4 14. Rad1 Ne6 15. Ne2 Bxf3 16. Bxf3 Ng5 17. Bg2 Qc8 18. Kf1 Ng4 19. Kg1 Qe6 20. Bc1 Bh6 21. f3 Ne3 22. Bxe3 Nh3+ 23. Bxh3 Bxe3+ 24. Kg2 f5 25. exf5 gxf5 26. Qxf5 Qxf5 27. Bxf5 Rad8 28. Rd7 Rxd7 29. Bxd7 Rd8 30. Be6+ Kg7 31. Ng1 Bd4 32. Rd1 c5 33. Bd5 b6 34. Ne2 Kf6 35. f4 h6 36. fxe5+ Kxe5 37. Nf4 a6 38. Re1+ Kf5 39. Re6 b5 40. Be4+ 1-0

[Event "Lakitelek Magyarok op"]
[Site "Lakitelek"]
[Date "2011.08.08"]
[Round "4"]
[White "Adzic, Anna"]
[Black "Feher, Tibor"]
[Result "1-0"]
[WhiteElo "1531"]
[BlackElo "1807"]
[PlyCount "173"]
[EventDate "2011.08.06"]
[EventType "swiss"]
[EventRounds "9"]
[EventCountry "HUN"]
[SourceTitle "CBM 144 Extra"]
[Source "ChessBase"]
[SourceDate "2011.10.28"]
[SourceVersion "1"]
[SourceVersionDate "2011.10.28"]
[SourceQuality "1"]

1. e4 c5 2. Nf3 d6 3. d4 cxd4 4. Nxd4 Nf6 5. Nc3 a6 6. g3 Nc6 7. Bg2 e5 8. Nde2 Be7 9. 0-0 0-0 10. h3 Be6 11. Be3 Qd7 12. Kh2 Nd8 13. Nd5 Nxd5 14. exd5 Bf5 15. c4 Rc8 16. b3 Bg6 17. f4 Bf6 18. Rc1 exf4 19. Nxf4 Re8 20. Qd2 Bg5 21. Rce1 Be4 22. Nh5 Bxg2 23. Kxg2 Bxe3 24. Rxe3 Rxe3 25. Qxe3 f6 26. Re1 Nf7 27. Qe6 Qxe6 28. Rxe6 Kf8 29. a4 b5 30. cxb5 axb5 31. a5 b4 32. Re4 Rc5 33. Rxb4 Rxd5 34. a6 Rd2+ 35. Kf1 Ra2 36. Rb8+ Ke7 37. Rb7+ Kf8 38. a7 Nd8 39. Rb8 Rxa7 40. Rxd8+ Ke7 41. Rb8 g6 42. Nf4 Ra2 43. Rb7+ Kf8 44. Rxh7 g5 45. Ne6+ Ke8 46. b4 Rb2 47. Rb7 Rb3 48. Kf2 d5 49. Nc7+ Kd7 50. Na6+ Kd6 51. Nc5 Rb2+ 52. Ke1 f5 53. Nd3 Rh2 54. Rg7 Rxh3 55. Rxg5 Rh1+ 56. Ke2 Ke6 57. Rg6+ Ke7 58. b5 Rb1 59. b6 Kf7 60. Rc6 Ke7 61. Ne5 Kd8 62. Rd6+ Ke7 63. Rh6 Kd8 64. b7 Rxb7 65. Rh8+ Kc7 66. Rh7+ Kb8 67. Rxb7+ Kxb7 68. Kd3 Kc7 69. Kd4 Kd6 70. Nd3 Ke6 71. Nf4+ Kf6 72. Kxd5 Kg5 73. Ke5 Kg4 74. Ne2 Kg5 75. Kd4 Kg4 76. Ke3 Kh5 77. Kf4 Kg6 78. Nd4 Kf6 79. Nxf5 Kg6 80. g4 Kf6 81. Nd4 Kg6 82. g5 Kg7 83. Kf5 Kf7 84. Nf3 Kg7 85. Ne5 Kg8 86. Kg6 Kh8 87. Kf7 1-0

[Event "Lakitelek Magyarok op"]
[Site "Lakitelek"]
[Date "2011.08.06"]
[Round "1"]
[White "Feher, Tibor"]
[Black "Darazs, Zoltan"]
[Result "0-1"]
[WhiteElo "1807"]
[BlackElo "2133"]
[PlyCount "86"]
[EventDate "2011.08.06"]
[EventType "swiss"]
[EventRounds "9"]
[EventCountry "HUN"]
[SourceTitle "CBM 144 Extra"]
[Source "ChessBase"]
[SourceDate "2011.10.28"]
[SourceVersion "1"]
[SourceVersionDate "2011.10.28"]
[SourceQuality "1"]

1. e4 e5 2. Nf3 Nc6 3. d4 exd4 4. Nxd4 Nf6 5. Nxc6 bxc6 6. Qd4 c5 7. Qe5+ Be7 8. Nc3 0-0 9. Bc4 Re8 10. Nd5 c6 11. Nxe7+ Rxe7 12. Qxc5 Nxe4 13. Qd4 Ng3+ 14. Be3 Nxh1 15. 0-0-0 Nxf2 16. Bxf2 d5 17. Bd3 Re8 18. Bh4 Qb6 19. Qf4 Qe3+ 20. Qxe3 Rxe3 21. Bf2 Re8 22. Bd4 Bg4 23. Rg1 Be2 24. Bf5 Rad8 25. Bxa7 g6 26. Bh3 Ra8 27. Bd4 Rxa2 28. Kd2 Bb5 29. Kc3 f5 30. g3 Re2 31. Rg2 Rxg2 32. Bxg2 Kf7 33. Kb4 h6 34. Bxd5+ cxd5 35. Kxb5 g5 36. c4 dxc4 37. Kxc4 Ke6 38. Kc5 f4 39. gxf4 gxf4 40. b4 Rc2+ 41. Kb6 f3 42. b5 f2 43. Bxf2 Rxf2 0-1

[Event "SVK-chT3A2 1011"]
[Site "Slovakia"]
[Date "2010.11.14"]
[Round "3.6"]
[White "Feher, Tibor"]
[Black "Palka, Martin"]
[Result "0-1"]
[WhiteElo "1805"]
[BlackElo "1855"]
[PlyCount "66"]
[EventDate "2010.10.17"]
[EventType "team-tourn"]
[EventRounds "11"]
[EventCountry "SVK"]
[SourceTitle "EXT 2012"]
[Source "ChessBase"]
[SourceDate "2011.11.24"]
[SourceVersion "1"]
[SourceVersionDate "2011.11.24"]
[SourceQuality "1"]
[WhiteTeam "Dunajska Streda SK III"]
[BlackTeam "Senica SK"]
[WhiteTeamCountry "SVK"]
[BlackTeamCountry "SVK"]

1. d4 d5 2. c4 c6 3. Nf3 Nf6 4. Nc3 e6 5. Bg5 h6 6. Bh4 g5 7. Bg3 dxc4 8. e4 b5 9. a4 Bb4 10. Nd2 Bxc3 11. bxc3 a6 12. Be2 Bb7 13. 0-0 Nbd7 14. f4 c5 15. Qb1 cxd4 16. cxd4 Qb6 17. Bf2 Qc6 18. Bf3 g4 19. d5 exd5 20. exd5 Nxd5 21. Re1+ Kf8 22. Qe4 N7f6 23. axb5 axb5 24. Qe7+ Nxe7 25. Bxc6 Nxc6 26. Bc5+ Kg7 27. Rab1 Ba6 28. Nf1 Rhe8 29. Ne3 Ne4 30. Nf5+ Kf6 31. Nd6 Nxd6 32. Bxd6 Rxe1+ 33. Rxe1 b4 0-1

[Event "SVK-chT3A2 1011"]
[Site "Slovakia"]
[Date "2010.10.17"]
[Round "1.5"]
[White "Feher, Tibor"]
[Black "Mackovic, Matus"]
[Result "1/2-1/2"]
[WhiteElo "1805"]
[BlackElo "1846"]
[PlyCount "88"]
[EventDate "2010.10.17"]
[EventType "team-tourn"]
[EventRounds "11"]
[EventCountry "SVK"]
[SourceTitle "EXT 2012"]
[Source "ChessBase"]
[SourceDate "2011.11.24"]
[SourceVersion "1"]
[SourceVersionDate "2011.11.24"]
[SourceQuality "1"]
[WhiteTeam "Dunajska Streda SK III"]
[BlackTeam "Trnava Modranka"]
[WhiteTeamCountry "SVK"]
[BlackTeamCountry "SVK"]

1. d4 Nf6 2. c4 g6 3. Nf3 Bg7 4. Nc3 0-0 5. e3 d6 6. Be2 Nbd7 7. 0-0 e5 8. dxe5 Nxe5 9. Nxe5 dxe5 10. Qxd8 Rxd8 11. e4 c6 12. f3 Nh5 13. g3 Be6 14. Be3 Nf6 15. Rfd1 Rxd1+ 16. Rxd1 Bf8 17. Na4 Nd7 18. b3 b6 19. Nb2 f6 20. Kf2 Kf7 21. Nd3 a5 22. Nb2 Nc5 23. Nd3 Nxd3+ 24. Bxd3 c5 25. a4 Rd8 26. Bc2 Rxd1 27. Bxd1 f5 28. Bc2 Kf6 29. Bc1 Bd6 30. Bb2 Kf7 31. Bc1 h5 32. Bg5 Be7 33. Bd2 Bd7 34. Bc3 Ke6 35. Bd2 Bc6 36. Bc1 Bd8 37. Bd2 Bc7 38. Bg5 Bd7 39. Kg2 Kf7 40. Kf2 Ke8 41. Bf6 Kf7 42. Bg5 Ke6 43. Ke2 Kd6 44. Kf2 Ke6 1/2-1/2

[Event "SVK-chT3A2 0910"]
[Site "Slovakia"]
[Date "2010.03.14"]
[Round "10.6"]
[White "Kastler, Peter"]
[Black "Feher, Tibor"]
[Result "0-1"]
[WhiteElo "1721"]
[BlackElo "1782"]
[PlyCount "70"]
[EventDate "2009.10.18"]
[EventType "team-tourn"]
[EventRounds "11"]
[EventCountry "SVK"]
[SourceTitle "EXT 2011"]
[Source "ChessBase"]
[SourceDate "2010.11.26"]
[SourceVersion "1"]
[SourceVersionDate "2010.11.26"]
[SourceQuality "1"]
[WhiteTeam "Gbely"]
[BlackTeam "Dunajska Streda SK III"]
[WhiteTeamCountry "SVK"]
[BlackTeamCountry "SVK"]

1. d4 d5 2. c4 c6 3. Nc3 Nf6 4. Nf3 e6 5. e3 dxc4 6. Bxc4 Be7 7. Qc2 Nbd7 8. 0-0 0-0 9. Bd3 c5 10. Rd1 cxd4 11. Nxd4 Qb6 12. b3 Nc5 13. Ba3 Bd7 14. Nf3 Rfe8 15. Bxc5 Qxc5 16. Bxh7+ Kh8 17. Bd3 Rac8 18. Rac1 Qa5 19. Nd2 b5 20. a3 Bxa3 21. Qa2 Rxc3 22. Rxc3 Qxc3 23. Nb1 Qb2 24. Qxa3 Qxa3 25. Nxa3 a6 26. Nc2 Bc6 27. Ra1 Rd8 28. Be2 Rd2 29. Nd4 Bb7 30. Kf1 e5 31. Nf3 Rd5 32. Rc1 e4 33. Nd4 Rd7 34. h3 Kg8 35. Nc6 Rc7 0-1

[Event "SVK-chT3A2 0910"]
[Site "Slovakia"]
[Date "2010.02.14"]
[Round "8.6"]
[White "Hanzluvka, Peter"]
[Black "Feher, Tibor"]
[Result "1/2-1/2"]
[WhiteElo "2007"]
[BlackElo "1782"]
[PlyCount "77"]
[EventDate "2009.10.18"]
[EventType "team-tourn"]
[EventRounds "11"]
[EventCountry "SVK"]
[SourceTitle "EXT 2011"]
[Source "ChessBase"]
[SourceDate "2010.11.26"]
[SourceVersion "1"]
[SourceVersionDate "2010.11.26"]
[SourceQuality "1"]
[WhiteTeam "Osuske II"]
[BlackTeam "Dunajska Streda SK III"]
[WhiteTeamCountry "SVK"]
[BlackTeamCountry "SVK"]

1. e4 c5 2. Nf3 d6 3. d4 cxd4 4. Nxd4 Nf6 5. Nc3 a6 6. Bc4 Qc7 7. Bb3 e6 8. 0-0 Be7 9. Be3 0-0 10. a4 Nc6 11. Qe2 Nxd4 12. Bxd4 Bd7 13. a5 Rac8 14. Bb6 Qb8 15. Rfd1 Bc6 16. f3 Nd7 17. Bf2 Nc5 18. Ba2 Bf6 19. Bd4 Bxd4+ 20. Rxd4 Rfd8 21. Rad1 Rd7 22. R4d2 Na4 23. Nxa4 Bxa4 24. b3 Bc6 25. Qe3 Qc7 26. b4 Rcd8 27. c4 Ba4 28. Bb3 Bxb3 29. Qxb3 Kf8 30. Ra1 Rc8 31. Qd1 Qxc4 32. Rxd6 Rxd6 33. Qxd6+ Ke8 34. Rd1 Qc7 35. Kf2 Qxd6 36. Rxd6 Rc4 37. Rb6 Rc7 38. Rd6 Rc4 39. Rb6 1/2-1/2